000 00296nam a22001337a 4500
008 170529b xxu||||| |||| 00| 0 eng d
020 _a0070217203
041 _aeng
080 _a62
100 _a25
101 _aIM
245 _aENERGY AND THE ENVIRONMENT
_cFOWLER.J.M
942 _2udc
_cBK
999 _c14852
_d14852